000 00910nam a2200433Ia 4500
001 12296
003 24025
005 20240715172751.0
008 ||||||n9999 ||| || ||
041 _aspa
082 _219
_a923.1
110 _aInstituto Geográfico Agustín Codazzi
_9183276
245 0 _aBolívar
_baspectos geográficos
260 _aBogotá :
_bGEOGR,
_c1982.
300 _a96p.
500 _aPerdido inventario 2003.
562 _e1
942 _cBKM
999 _c12296
_d12296
526 _a
526 _a17598
526 _a102617
526 _a102618
526 _a15794
526 _a102619
526 _a1703
526 _a102620
526 _a10406
526 _a105630
526 _a1698
526 _a116204
526 _a51868
526 _a4969
526 _a19790
526 _a104436
526 _a5144
526 _a1697
526 _a3899
526 _a9683